00745 2200265 4500001002100000005001700021008004100038020001800079035002400097082001300121090002000134100002000154245007800174260004000252300002900292500003100321500001100352650002300363700002300386700002000409850001600429980001300445985000600458999001500464YOGYA-0209000001752720090227022753.0 ind  a0-13-902965-6 0010-020900000017527 a621.3889 a621.3889bChe T aCHESTER, Giraud aTelevision and radiocGiraud Chester, Garnet R. Garrison, Edgar E. Willis aLondonbPrentice-Hall International axv, 613 hlmbilusc23 cm aBibliografi : hlm. 589-599 aIndeks aTelevisi dan radio aGarrison, Garnet R aWillis, Edgar E aYOPDYOG (B) a30-01-06 a1 aa000021979